Managing the design delivery (Record no. 113777)

MARC details
000 -LEADER
fixed length control field 00942cam a22002295a 4500
001 - CONTROL NUMBER
control field L155726
008 - FIXED-LENGTH DATA ELEMENTS--GENERAL INFORMATION
fixed length control field 120411s2012 xxk f 000 0 eng d
020 ## - INTERNATIONAL STANDARD BOOK NUMBER
International Standard Book Number 9781842196816
035 ## - SYSTEM CONTROL NUMBER
System control number (Sirsi) u155726
041 0# - LANGUAGE CODE
Language code of text/sound track or separate title eng
110 2# - MAIN ENTRY--CORPORATE NAME
Corporate name or jurisdiction name as entry element Royal Institution of Chartered Surveyors
9 (RLIN) 4900
245 00 - TITLE STATEMENT
Title Managing the design delivery
Medium [electronic resource]
260 ## - PUBLICATION, DISTRIBUTION, ETC.
Place of publication, distribution, etc. Coventry
Name of publisher, distributor, etc. RICS
Date of publication, distribution, etc. 2012
490 #0 - SERIES STATEMENT
Series statement RICS Guidance Note
Volume/sequential designation (GN 76/2012)
520 ## - SUMMARY, ETC.
Summary, etc. Examines design delivery management (DDM) in the particular context of construction projects, situating it as a key process that connects the various aspects of the construction value chain.
590 ## - LOCAL NOTE (RLIN)
Local note KA
651 #4 - SUBJECT ADDED ENTRY--GEOGRAPHIC NAME
Geographic name ENGLAND AND WALES
690 ## - LOCAL SUBJECT ADDED ENTRY--TOPICAL TERM (OCLC, RLIN)
Topical term or geographic name as entry element Design and specification
856 40 - ELECTRONIC LOCATION AND ACCESS
Uniform Resource Identifier <a href="https://www.rics.org/Global/Managing_the_design_delivery_1st_edition_PGguidance_2012.pdf">https://www.rics.org/Global/Managing_the_design_delivery_1st_edition_PGguidance_2012.pdf</a>
Public note View the guidance note for free at www.rics.org (member-only access).
942 ## - ADDED ENTRY ELEMENTS (KOHA)
Suppress in OPAC 0
Holdings
Withdrawn status Lost status Source of classification or shelving scheme Damaged status Not for loan Home library Current library Shelving location Date acquired Total Checkouts Full call number Barcode Date last seen Copy number Price effective from Koha item type
    Dewey Decimal Classification     London London RICS Boxes 11/04/2012   RICS 2012/11 30077419 06/08/2019 2 06/08/2019 Book
    Dewey Decimal Classification     London London RICS Boxes 11/04/2012   RICS 2012/11 30077418 06/08/2019 3 06/08/2019 Book
    Dewey Decimal Classification     London London Books 11/04/2012   RICS 2012/11 30077421 06/08/2019 1 06/08/2019 Archive
    Dewey Decimal Classification     Virtual Virtual Online 12/04/2012   ONLINE PUBLICATION 155726-5001 06/08/2019 1 06/08/2019 Book